Performance management and appraisal system: (Record no. 163270)

MARC details
000 -LEADER
fixed length control field 00499nam a22001697a 4500
005 - DATE AND TIME OF LATEST TRANSACTION
control field 20190408124640.0
010 ## - LCCN (DPL NO)
LC control number B-127819
020 ## - INTERNATIONAL STANDARD BOOK NUMBER
International Standard Book Number 8178293633
035 ## - SYSTEM CONTROL NUMBER
System control number B-127819
037 ## - SOURCE OF ACQUISITION
Source of stock number/acquisition Response Books
082 ## - DEWEY DECIMAL CLASSIFICATION NUMBER
Classification number 658.3125
100 ## - MAIN ENTRY--PERSONAL NAME
Personal name Rao, R.V.
245 ## - TITLE STATEMENT
Title Performance management and appraisal system:
Remainder of title HR tools for global competitivenss /
Statement of responsibility, etc T.V. Rao
260 ## - PUBLICATION, DISTRIBUTION, ETC. (IMPRINT)
Place of publication, distribution, etc New Delhi
Name of publisher, distributor, etc Resopnse books
Date of publication, distribution, etc 658.3125
300 ## - PHYSICAL DESCRIPTION
Extent 330p.
Dimensions 22cm(hbk)
942 ## - ADDED ENTRY ELEMENTS (KOHA)
Source of classification or shelving scheme Dewey Decimal Classification
Item type English Books
Classification part 658.3125
Call number suffix RAO
Holdings
Withdrawn status Lost status Not for loan Collection code Home library Current library Date acquired Full call number Barcode Koha item type Public note
      Non-fiction Sarojini Nagar Sarojini Nagar 08/04/2019 658.3125 RAO B-127819 English Books Withdran List Prepared L.No.16/13

© Delhi Public Library
Hit Counter
free hit counter